Word Ladder: Movie Chain II Quiz Stats

 Plays Quiz Updated Sep 9, 2019

Score 0/24 Timer 04:00
5 Plays Today
Hint Word % Correct
Alcohol made from grapesWINE
99.2%
FinishedDONE
98.1%
Eat a mealDINE
97.9%
To discover after looking for somethingFIND
97.3%
Earth's natural satellite MOON
96.4%
⋆ '[Rung 1] With the _____' (1939)
'The _____ and the [Rung 12]' (1975) ⋆
⋆ WIND ⋆
95.6%
SustenanceFOOD
94.6%
Having an affection forFOND
94.5%
A person's state of mindMOOD
94.2%
Greater in amountMORE
93.9%
RippedTORN
93.8%
⋆ '_____ With the [Rung 5]' (1939) ⋆⋆ GONE ⋆
92.7%
Hint Word % Correct
DaybreakMORN
92.6%
Way to address a kingSIRE
92.5%
Serenade SING
92.2%
Trig functionSINE
91.9%
Animated TV showTOON
90.3%
A metallic threadWIRE
90.1%
Put on clothingWORE
89.9%
A silly person or a birdLOON
89%
Common word suffixTION
65.9%
⋆ 'The [Rung 5] and the _____' (1975)
'The _____ [Rung 23]' (1994) ⋆
⋆ LION ⋆
65.4%
⋆ 'The [Rung 12] _____' (1994)
'_____ [Rung 24]' (1933) ⋆
⋆ KING ⋆
64.7%
⋆ '[Rung 23] _____' (1933) ⋆⋆ KONG ⋆
58.8%

Today's Daily Dose

Missing Word
Sherlocks

Word Ladder
King of the Hill

Quick Pick
Songs in Pink

Get the Picture
NBA Teammates

You're not logged in!

Compare scores with friends on all Sporcle quizzes.
OR
Log In

Sporcle TV

Today on Sporcle TV


Watch our educational content, quiz creation guides, and fun videos on Sporcle TV.

Show Comments

Extras

Top Quizzes Today


Score Distribution

Your Account Isn't Verified!

In order to create a playlist on Sporcle, you need to verify the email address you used during registration. Go to your Sporcle Settings to finish the process.

Report this User

Report this user for behavior that violates our Community Guidelines.

Details: